| 000 | 01109cam a22002295a 4500 | ||
|---|---|---|---|
| 001 | L153349 | ||
| 008 | 110713s2010 xxk f 000 0 eng d | ||
| 020 | _a9780203893012 | ||
| 035 | _a(Sirsi) u153349 | ||
| 041 | 0 | _aeng | |
| 100 | 1 | _aBrooker, Penny | |
| 245 | 0 | 0 |
_aMediation in the construction industry _ban international review _h[electronic resource] |
| 260 |
_bTaylor & Francis Ltd _c2010 |
||
| 300 | _aeBook | ||
| 520 | _aThis eBook identifies the emerging international practices within construction mediation, and seeks solutions to the many legal and commercial challenges which they pose. It presents an international collection of reviews by experts, and allows a comparative commentary on the practice of construction mediation and the legal challenges facing its development. | ||
| 650 | 2 | 4 | _aEBOOK |
| 651 | 4 | _aInternational | |
| 690 | _aMANAGEMENT-DISPUTE AVOIDANCE, MANAGEMENT AND RESOLUTION-DISPUTE MANAGEMENT AND RESOLUTION | ||
| 700 | 1 | _aWilkinson, Suzanne | |
| 856 | 4 | 0 |
_uhttps://www.vlebooks.com/ _zView on VLEbooks. Logins for members only from [email protected] |
| 942 | _n0 | ||
| 999 |
_c112481 _d112481 |
||